000 01191nam0a2200301 4500
001 RU\NLR\bibl\450460
005 20250623181459.0
010 _a5-229-00903-9
_91000
035 _a(NLR Aleph) 000444099
090 _a832505
_c832505
100 _a20031023d1996 |||y0rusy50 ca
101 0 _arus
102 _aRU
105 _aa |||||||||
200 1 _aФизико-химические свойства и особенности строения сульфидных расплавов
_eС.Е. Вайсбурд
210 _aМ.
_cМеталлургия
_cЦв. металлы
_d1996
215 _a304 с.
_cил.
_d21
320 _aБиблиогр.: с. 284-304 (576 назв.)
606 0 _aСульфиды цветных металлов
_xПлавка
_91717659
_3RU\NLR\auth\661063442
606 0 _aЦветная металлургия
_xФизико-химические процессы
_92022390
_3RU\NLR\auth\661215642
686 _aК330.3-1
700 1 _aВайсбурд
_bС. Е.
_gСоломон Ефимович
_4070
801 0 _aRU
_bNLR
_c20031023
_gPSBO
801 1 _aRU
_bNLR
_c20031023
830 _aавт. по кн.
942 _cBOOK
980 _aNB